| 000 | 00454nam a2200145Ia 4500 | ||
|---|---|---|---|
| 008 | 230917s9999||||xx |||||||||||||| ||und|| | ||
| 040 |
_e169702 _aMAIN |
||
| 041 | _aEnglish | ||
| 082 | _a891.432741 VT288D | ||
| 100 | _aवन्धोपाध्याय, ताराशंकर | ||
| 245 | 0 | _aदो पुरूष | |
| 260 |
_aकलकत्ता _bभारतीय ज्ञानपीठ _c1969 |
||
| 300 | _a116 पृ. p. | ||
| 942 | _cHN | ||
| 999 |
_c176722 _d176722 |
||